00604nam a2200193 a 4500008004100000020002200041100002200063245010400085260003100189300003500220504004100255500002000296650001400316650003200330650002100362003000100383005001700384040000900401  a0721647758 (pbk.)1 aHopkins, Colin R.10aStructure and function of cells :ba text for students in medicine and science /cColin R. Hopkins. aLondon :bSaunders,c1978. axiii, 266 p. :bill. ;c25 cm. aIncludes bibliographical references. aIncludes index. 0aCytology. 2aCellsxanatomy & histology. 2aCell Physiology.20230123133452.0 cNUST